Word Scramble - Places in Wales - Statistics

General Stats
  • This quiz has been taken 21 times
  • The average score is 14 of 20
Answer Stats
County Town/City % Correct
Gwynedd Bala
100%
Clwyd Conwy
100%
Gwent Cwmbran
100%
Clwyd Flint
100%
Clwyd Mold
100%
Clwyd Rhyl
100%
West Glamorgan Swansea
100%
Dyfed Tenby
100%
Gwynedd Bangor
90%
Gwent Monmouth
90%
South Glamorgan Barry
89%
South Glamorgan Cardiff
88%
Powys Brecon
86%
Dyfed Llanelli
86%
Clwyd Wrexham
86%
Gwynedd Harlech
83%
Clwyd Llandudno
83%
Powys Newtown
83%
Gwent Abergavenny
82%
Dyfed Aberystwyth
80%
Gwynedd Caernarfon
78%
Gwynedd Barmouth
75%
Clwyd Denbigh
75%
Gwent Newport
75%
Mid Glamorgan Porthcawl
67%
Clwyd Prestatyn
64%
Mid Glamorgan Bridgend
63%
Dyfed Fishguard
63%
Gwynedd Holyhead
63%
Dyfed Pembroke
63%
Dyfed Haverfordwest
57%
Clwyd Llangollen
57%
Powys Welshpool
57%
Gwynedd Porthmadog
54%
Gwent Chepstow
50%
Gwynedd Dolgellau
50%
West Glamorgan Neath
44%
Clwyd Abergele
33%
Dyfed Cardigan
33%
Powys Machynlleth
29%
Gwent Caerphilly
25%
Powys Rhayader
17%
Dyfed Carmarthen
10%
Dyfed Lampeter
0%
No matching quizzes found
Score Distribution
Percent of People with Each Score
Percentile by Number Answered
Your Score History
You have not taken this quiz